Fuego latente. Del control de la reproducción al crimen de odio: (Registro nro. 5585)
[ vista simple ]
| 000 -LEADER | |
|---|---|
| fixed length control field | 01382nab a22002297a 4500 |
| 003 - CONTROL NUMBER IDENTIFIER | |
| control field | OSt |
| 005 - DATE AND TIME OF LATEST TRANSACTION | |
| control field | 20251219111111.0 |
| 008 - FIXED-LENGTH DATA ELEMENTS--GENERAL INFORMATION | |
| fixed length control field | 190429b xxu||||| |||| 00| 0 spa d |
| 040 ## - CATALOGING SOURCE | |
| Transcribing agency | PJ |
| 100 ## - MAIN ENTRY--PERSONAL NAME | |
| 9 (RLIN) | 6561 |
| Personal name | Esnaola, María de los Ángeles |
| 245 10 - TITLE STATEMENT | |
| Title | Fuego latente. Del control de la reproducción al crimen de odio: |
| Remainder of title | la violencia estructural hacia la homosexualidad lésbica en clave histórica y jurídica / |
| Statement of responsibility, etc | María de los Ángeles Esnaola. |
| 260 ## - PUBLICATION, DISTRIBUTION, ETC. (IMPRINT) | |
| Date of publication, distribution, etc | Ciudad Autónoma de Buenos Aires : |
| Place of publication, distribution, etc | Thomson Reuters La Ley, |
| Name of publisher, distributor, etc | 2025. |
| 300 ## - PHYSICAL DESCRIPTION | |
| Extent | p. 171-176 |
| 500 ## - GENERAL NOTE | |
| General note | Cita: AR/DOC/1066/2025. |
| 505 ## - FORMATTED CONTENTS NOTE | |
| Formatted contents note | Sumario: I. Introducción.— II. Los inicios de la persecución. Relación entre la imposición del capitalismo y el necesario control de la reproducción.— III. Creación del monstruo y legitimación para su exterminio.— IV. Brujas modernas, ¿en dónde quedó eso de la "libertad"?— V. La hoguera de Barracas.— VI. Reflexiones finales.— VII. Bibliografía.<br/> |
| 505 ## - FORMATTED CONTENTS NOTE | |
| Title | Si te interesa el texto completo, solicitalo a koha@justierradelfuego.gov.ar |
| 650 #0 - SUBJECT ADDED ENTRY--TOPICAL TERM | |
| 9 (RLIN) | 343 |
| Topical term or geographic name as entry element | DERECHO PENAL |
| 650 #0 - SUBJECT ADDED ENTRY--TOPICAL TERM | |
| 9 (RLIN) | 2486 |
| Topical term or geographic name as entry element | CRIMINOLOGÍA |
| 700 ## - ADDED ENTRY--PERSONAL NAME | |
| 9 (RLIN) | 6560 |
| Personal name | Ballesteros, Ignacio E. |
| Función | coautor |
| 773 0# - HOST ITEM ENTRY | |
| Host Biblionumber | 2658 |
| Host Itemnumber | 3164 |
| Title | Revista de derecho penal y criminología. Nº 5 - Junio 2025 |
| Place, publisher, and date of publication | Ciudad Autónoma de Buenos Aires : Thomson Reuters La Ley, 2017- |
| International Standard Serial Number | 00347914 |
| 942 ## - ADDED ENTRY ELEMENTS (KOHA) | |
| Source of classification or shelving scheme | |
| Koha item type | Analítica Artículo de Revista |
No hay ítems disponibles.
